Elementi del Terzo periodo - Statistics

Statistiche generali
  • Questo quiz è stato fatto 25 volte
  • Il punteggio medio è 8 su 8
Statistiche sulle risposte
Z Simbolo Elemento % Corretto
13 Al Alluminio
100%
17 Cl Cloro
100%
12 Mg Magnesio
100%
14 Si Silicio
100%
11 Na Sodio
100%
15 P Fosforo
90%
16 S Zolfo
86%
18 Ar Argon
81%
Nessun quiz corrispondente trovato
Distribuzione punteggi
Percentuale di utenti per punteggio
Percentile per numero di risposta
I tuoi punteggi nel tempo
Non hai fatto questo quiz